Ordenança tipus sobre el soroll i les vibracions / Grup de treball de Soroll i Mobilitat Sostenible, Xarxa de Ciutats i Pobles cap a la Sostenibilitat
Descripción Física:
42 p. : quadres ; 30 cm
MARC
| LEADER | 00000nam a2200000Ia 4500 | ||
|---|---|---|---|
| 001 | 20861 | ||
| 008 | 160829s2005 xx 000 0 cat d | ||
| 080 | |a FU-22-1 | ||
| 110 | 2 | |a Xarxa de Ciutats i Pobles cap a la Sostenibilitat |9 53477 | |
| 245 | |a Ordenança tipus sobre el soroll i les vibracions / Grup de treball de Soroll i Mobilitat Sostenible, Xarxa de Ciutats i Pobles cap a la Sostenibilitat | ||
| 250 | |a Ed. provisional | ||
| 260 | |a Barcelona : |b Diputació de Barcelona, |c 2005 | ||
| 300 | |a 42 p. : |b quadres ; |c 30 cm | ||
| 650 | |a Soroll |9 39320 | ||
| 650 | |a Ordenances municipals |9 28545 | ||
| 710 | |a Barcelona (Catalunya : Província). |b Àrea de Medi Ambient |9 52987 | ||
| 901 | |a Arxiu | ||
| 942 | |n 1 | ||
| 952 | |0 0 |1 0 |4 0 |6 FU221 |7 1 |9 50087 |a Arxiu |b Arxiu |d 2016-12-01 |l 0 |o FU-22-1 |p 20861 |r 2016-12-01 00:00:00 |w 2016-12-01 |y ARXIU | ||
| 999 | |c 53929 |d 53929 | ||